00825nam a2200205 a 4500001001300000003000900013005001700022008004100039020001000080082001800090100002500108245004200133260005300175300000800228500003500236505002400271505027500295650002400570700002500594nice12345678IN_TiNIC20260116011932.0050524s1978 luca grp 000 0 eng  ac10000a297.124bNOM1 aNomani, Mohd Manzoor aMeaning and Message of the Traditions aLucknowbIslamic Research and Publicationsc1978 a319 aincludes index and biblioraphy2 aBibliography, index2 aBibliography, index00gV1.tMeaning and Message of the Traditions.--gV2.tMeaning and Message of the Traditions.--gV3.tMeaning and Message of the Traditions.--gV4.tMeaning and Message of the Traditions of the Traditions.--gV4C1.tMeaning and Message of the Traditi aHadith-Commentaries1 aNomani, Mohd Manzoor